Thanh học: Các bệnh về giọng nói, lời nói và ngôn ngữ

保存先:
書誌詳細
第一著者: Lê Văn Lợi
フォーマット: 図書
言語:Undetermined
出版事項: Hà Nội Y Học 1999
主題:
タグ: タグ追加
タグなし, このレコードへの初めてのタグを付けませんか!
Thư viện lưu trữ: Trung tâm Học liệu Trường Đại học Cần Thơ
LEADER 00512nam a2200169Ia 4500
001 CTU_43565
008 210402s9999 xx 000 0 und d
082 |a 616.855 
082 |b L462 
100 |a Lê Văn Lợi 
245 0 |a Thanh học: Các bệnh về giọng nói, lời nói và ngôn ngữ 
245 0 |c Lê Văn Lợi 
260 |a Hà Nội 
260 |b Y Học 
260 |c 1999 
650 |a articulation disorders 
980 |a Trung tâm Học liệu Trường Đại học Cần Thơ